| 000 | 00465 a2200181 4500 | ||
|---|---|---|---|
| 001 | 77219 | ||
| 020 | _a9780070593749 | ||
| 082 | _a004 NOR | ||
| 090 |
_c39317 _d39317 |
||
| 100 | _aPeter Norton | ||
| 245 |
_aIntroduction To Computer 6th /Ed _bComputer _cPeter Norton _hEnglish |
||
| 250 | _a6 th | ||
| 260 |
_aNew Delhi india _bTata McGraw Hill _c2009 |
||
| 300 | _axxv 610 p | ||
| 500 | _aDOS BS Textbooks | ||
| 505 | _aGifted Books | ||
| 600 | _aComputer | ||
| 942 |
_acaenust _k004 NOR _cBS |
||
| 999 |
_c312292 _d312292 |
||